000 01072cam a22002651i 4500
003 SA-RiAUC
005 20250217072316.0
008 250214s1962 ua g b 00000 ara c
040 _aSA-RiAUC
_bara
_cSA-RiAUC
_erda
050 4 _b.B35 1962
082 0 4 _a255
_qSA-RiAUC
090 _a255
_b ب هـ ن
100 1 _aبهنسي، أحمد فتحي
_eمؤلف.
245 1 0 _aنظرية الإثبات في الفقه الجنائي الإسلامي :
_bدراسة فقهية مقارنة /
_cتأليف أحمد فتحي بهنسي.
264 1 _aالقاهرة :
_bالشركة العربية للطباعة والنشر،
_c1962
300 _a233 صفحة ؛
_c24 سم
336 _aنص
_btxt
_2rdacontent
_3كتاب
337 _aبدون وسيط
_bn
_2rdamedia
338 _aمجلد
_bnc
_2rdacarrier
504 _aببليوجرافية : صفحة 223-226.
650 7 _aالإثبات (فقه إسلامي)
_2aucsh
650 7 _aالجنايات (فقه إسلامي)
_2aucsh
942 _2ddc
_cBOOK
_n0
949 _aSA-JeALM
_d250214
_umohamedma123
_n1
999 _c6008
_d6008